000
00230 a2200097 4500
001
16723
100
_a
Duke N
245
_a
Sound barrier the story of high speed flight
260
_a
London
_b
Cassell& Co
_c
090
_c
12612
_d
12612
942
_a
NUST-CAE
_c
M
_c
2906
999
_c
251796
_d
251796